书目信息 |
| 题名: |
遥感在农业科学技术中的应用
|
|
| 作者: | 陈述彭 著 | |
| 分册: | ||
| 出版信息: | 北京 农业出版社 1979 |
|
| 页数: | 37页 | |
| 开本: | 19cm | |
| 丛书名: | ||
| 单 册: | ||
| 中图分类: | S12 | |
| 科图分类: | ||
| 主题词: | 农业-遥感技术-应用 , 遥感技术-应用-农业 | |
| 电子资源: | ||
| ISBN: | ||
| 000 | 00667nam0 2200241 45 | |
| 001 | 0179003963 | |
| 005 | 20060802103435.79 | |
| 010 | @dCNY0.13 | |
| 091 | @a16144.1870 | |
| 100 | @a19950802d1979 em y0chiy0121 ea | |
| 101 | 0 | @achi |
| 102 | @aCN@b110000 | |
| 105 | @ay z 000yy | |
| 200 | 10 | @a遥感在农业科学技术中的应用@Ayao gan zai nong ye ke xue ji shu zhong de ying yong@f陈述彭著 |
| 210 | @a北京@c农业出版社@d1979 | |
| 215 | @a37页@d19cm | |
| 300 | @a现代农业科学讲座 | |
| 606 | @a农业-遥感技术-应用 | |
| 606 | @a遥感技术-应用-农业 | |
| 690 | @aS12@v3 | |
| 701 | 0 | @a陈述彭@Achen shu peng@4著 |
| 801 | 0 | @aCN@bTSSF@c20060802 |
| 905 | @a10447@dS12@e37 | |
| 遥感在农业科学技术中的应用/陈述彭著.-北京:农业出版社,1979 |
| 37页;19cm |
| 现代农业科学讲座 |
| ISBN :CNY0.13 |
| ● |
| 相关链接 |
|
|
|
|
正题名:遥感在农业科学技术中的应用
索取号:S12/37
 
预约/预借
| 序号 | 登录号 | 条形码 | 馆藏地/架位号 | 状态 | 备注 |
| 1 | 0439316 | 204393165 | 密集书库/ [索取号:S12/37] | 在馆 | |
| 2 | 0439451 | 204394510 | 密集书库/ [索取号:S12/37] | 在馆 |